000 00858nam a2200289Ia 4500
001 Para_2110
003 CHAP
008 220125s1989 xx 000 0 und d
010 _a204576
040 _cCHAP
082 _aPA 632.9 N3
110 _aNational Academy of Sciences
_980295
245 _aControl de plagas de plantas y animales /
_c por National Academy of Sciences
260 _aMéxico, D.F. :
_b Limusa
300 _a8v.
500 _aTrad. de: Plant disease development and control
650 _aAgricultura
_x plagas
_x colecciones escritos
_9170506
650 _aControl de plagas
_927595
650 _aMalas hierbas
_x control
_970011
901 _aPA 632.9 N3
902 _aA
905 _a0000001989 0000000000 00
910 _a1989
942 _cPARA
942 _cPARA
_d1
999 _c204576
_d204576